[Event "World Team-ch Women 2019"]
[Site "Astana"]
[Date "2019.03.12"]
[Round "7.18"]
[White "Sargsyan, Anna M."]
[Black "Gara, Anita"]
[Result "1-0"]
[WhiteElo "2340"]
[BlackElo "2384"]
[Annotator "TA"]
[PlyCount "71"]
[EventDate "2019.02.05"]
[EventType "team-tourn"]
[EventCountry "KAZ"]
[SourceTitle "playchess.com"]
[Source "ChessBase"]
[SourceQuality "1"]
[WhiteTeam "Armenia"]
[BlackTeam "Hungary"]
[WhiteTeamCountry "ARM"]
[BlackTeamCountry "HUN"]

{[%evp 9,71,9,20,15,12,0,2,0,-5,-12,-22,-22,-16,-9,-8,-17,-19,-45,-30,-30,-29,-34,-26,-36,-27,-26,-25,-15,43,48,39,48,158,146,217,208,397,251,360,404,330,399,403,399,394,394,469,367,650,543,532,508,502,488,539,362,1225,1114,956,941,5056,5056,4927,4710]} 1. d4 Nf6 2. c4 g6 3. g3 c6 4. Bg2 d5 5. Qa4 (5. cxd5 cxd5 6. Nf3 Bg7 7. Ne5 O-O 8. Nc3 Bf5 9. O-O Ne4 10. g4 Be6 11. Nxe4 dxe4 12. Bxe4 Nc6 13. Nxc6 bxc6 14. e3 Qd7 15. Bf3 Rab8 16. b3 c5 17. Bb2 c4 {½-½ (46) Ding,L (2813)-Mamedyarov,S (2817) Wijk aan Zee 2019}) 5... Nfd7 6. cxd5 {D71: Fianchetto Grünfeld: 3 g3 d5 sidelines and 5 cxd5 (without Nf3)} Nb6 7. Qb3 cxd5 8. Nc3 {[%cal Rc3d5] The position is equal.} Nc6 9. Nf3 Bg7 10. O-O O-O 11. Rd1 Bf5 12. Bf4 h6 $146 ({Predecessor:} 12... Rc8) 13. h4 Rc8 14. Ne5 {[%cal Rc3d5]} e6 $1 15. Nxc6 Rxc6 16. a4 {[%cal Ba2a4,Ba4a5][%mdl 32]} g5 17. hxg5 hxg5 18. Bc1 Qe7 (18... Nc4 $11) 19. a5 $14 Nc4 20. e4 Bg4 {[#]} (20... dxe4 $14 21. Nxe4 Bxe4 22. Bxe4 Rc7) 21. Re1 $1 $16 Bxd4 (21... Rcc8 $16) 22. exd5 $18 Rc5 $2 (22... Rc7 {keeps fighting.} 23. Nb5 {[%mdl 64] Double Attack} Qf6 24. Nxd4 Qxd4) 23. Ne4 {[%mdl 64] Double Attack} f6 (23... exd5 $142 24. Bxg5 Qc7) 24. d6 ({Less strong is} 24. Nxc5 Qxc5 25. Be3 Bxe3 $18) 24... Nxd6 25. Nxc5 Bxc5 26. Be3 Bxe3 27. Rxe3 ({Not} 27. fxe3 Nf7 $16) ({Weaker is} 27. Qxe3 Rd8 $18) 27... Re8 28. Rc1 Qf7 $2 (28... Kf8 29. Rec3 Rd8) 29. Qb4 {[%mdl 64] [#] Double Attack} Nf5 30. Qxg4 Nxe3 31. fxe3 Qd7 32. Qd4 Qe7 $2 (32... Qxd4 33. exd4 b6 34. axb6 axb6) 33. Qxa7 {White is clearly winning.} Qd6 34. Qxb7 Qxg3 35. Qf3 Qe5 36. Qe4 {Accuracy: White = 76%, Black = 38%.} 1-0

[Event "World Team-ch Women 2019"]
[Site "Astana"]
[Date "2019.03.12"]
[Round "7.19"]
[White "Gara, Ticia"]
[Black "Gevorgyan, Maria"]
[Result "1-0"]
[WhiteElo "2324"]
[BlackElo "2264"]
[Annotator "TA"]
[PlyCount "95"]
[EventDate "2019.02.05"]
[EventType "team-tourn"]
[EventCountry "KAZ"]
[SourceTitle "playchess.com"]
[Source "ChessBase"]
[SourceQuality "1"]
[WhiteTeam "Hungary"]
[BlackTeam "Armenia"]
[WhiteTeamCountry "HUN"]
[BlackTeamCountry "ARM"]

{[%evp 21,95,27,27,27,25,23,25,19,19,18,51,28,38,18,16,8,12,13,20,7,51,49,47,13,54,65,158,158,158,158,158,158,207,174,179,170,174,160,166,170,181,146,238,202,465,215,498,498,507,465,462,415,909,897,1226,1111,1029,609,6528,2628,29968,29968,29975,29975,29977,29978,29979,29980,29980,29981,29981,29982,29982,29983,29985,29986]} 1. e4 c5 2. Nf3 e6 3. d4 cxd4 4. Nxd4 a6 5. c4 Nf6 6. Nc3 Bb4 7. Qd3 {B41: Sicilian: Kan Variation: 5 c4} d5 (7... Qc7 8. Nc2 Bc5 9. Be2 O-O 10. O-O Nc6 11. Kh1 d6 12. f4 Bd7 13. a3 Rad8 14. b4 Ba7 {½-½ (115) Karjakin,S (2782)-Caruana,F (2816) Paris 2018}) 8. exd5 exd5 9. Be2 O-O 10. O-O Nc6 11. Nxc6 bxc6 {LiveBook: 20 Games} 12. cxd5 Nxd5 13. Nxd5 Qxd5 14. Qxd5 cxd5 {[#]} 15. Rd1 $146 Rd8 16. Be3 Be6 17. Rac1 a5 18. Bd4 Rdc8 19. a3 Be7 20. f3 Bg5 21. Rxc8+ Rxc8 22. Bd3 Bd7 23. b4 Rc1 ({Black should play} 23... axb4 $14 24. axb4 Rb8) 24. Rxc1 $16 Bxc1 25. bxa5 Bxa3 {[%mdl 4096] Endgame KBB-KBB} 26. Kf2 f6 27. Bb6 Kf7 28. Ke3 ({Resist} 28. Bxh7 $6 g6 $14) 28... g6 29. Ba6 {Black must now prevent Bb7.} Bc6 30. Bc8 Ke7 31. a6 Bd6 (31... Kd6 $16) 32. g3 $18 Bb8 $2 {[#]} (32... Be5 33. f4 Bc3) 33. Kd4 Ba8 $2 (33... Bd6 {was called for.} 34. f4 Ba3) 34. f4 Kd6 {Now ...Kc6 and Black clings on.} 35. Bc5+ Kc6 36. Be6 Kb5 (36... Be5+ $142 37. fxe5 fxe5+ 38. Kxe5 Kxc5) 37. Bxd5 Bxd5 38. Kxd5 Kxa6 {KB-KB} 39. Ke6 f5 40. Kf6 (40. Kf7 $142 Kb5 41. Bf2) 40... Kb5 41. Bf2 {White mates.} Kc4 42. Kg7 Kd3 43. Kxh7 Ke2 44. Bd4 Kf3 45. Kxg6 Kg4 46. Be5 Ba7 47. h4 {[%cal Bh2h4,Bh4h5][%mdl 32]} Bf2 48. h5 {Precision: White = 76%, Black = 26%.} 1-0

[Event "World Team-ch Women 2019"]
[Site "Astana"]
[Date "2019.03.12"]
[Round "7.20"]
[White "Ghukasyan, Siranush"]
[Black "Havanecz, Bianka"]
[Result "0-1"]
[WhiteElo "2221"]
[BlackElo "2270"]
[Annotator "TA"]
[PlyCount "88"]
[EventDate "2019.02.05"]
[EventType "team-tourn"]
[EventCountry "KAZ"]
[SourceTitle "playchess.com"]
[Source "ChessBase"]
[SourceQuality "1"]
[WhiteTeam "Armenia"]
[BlackTeam "Hungary"]
[WhiteTeamCountry "ARM"]
[BlackTeamCountry "HUN"]

{[%evp 14,88,41,0,0,-56,-31,-41,-27,-73,-68,-88,-90,-244,-254,-238,-217,-281,-281,-289,-276,-472,-460,-447,-462,-437,-443,-493,-283,-290,-279,-411,-349,-339,-339,-337,-340,-588,-588,-575,-581,-770,-424,-745,-740,-702,-444,-456,-451,-426,-219,-212,-210,-220,-220,-220,-220,-220,-208,-208,-208,-331,-254,-297,-245,-360,-359,-354,-327,-301,-301,-545,-524,-505,-497,-439,-406]} 1. e4 e5 2. Nf3 Nc6 3. Bc4 Bc5 4. c3 Nf6 5. d3 O-O 6. O-O d5 7. exd5 Nxd5 8. b4 Be7 {C54: Giuoco Piano: 4 c3 Nf6, main lines with 5 d4 and 5 d3} (8... Bb6 9. h3 f6 10. Bxd5+ Qxd5 11. c4 Qf7 12. c5 Nxb4 13. cxb6 axb6 14. Ba3 c5 15. Bxb4 cxb4 16. Nbd2 Rxa2 17. Rxa2 Qxa2 {1-0 (49) Li,C (2720)-Ganguly,S (2640) Fufeng 2017}) 9. Bb3 (9. Re1 $11) 9... Bg4 10. h3 $146 ({Predecessor:} 10. Bb2 Nf4 11. Bc2 Qd5 12. Bc1 Nxg2 13. Kxg2 e4 14. dxe4 Qh5 15. h4 Ne5 16. Rh1 Bxf3+ {0-1 (16) Parker,G-Mariette,C (2160) Cappelle-la-Grande 1995}) 10... Bh5 $1 {Black is slightly better.} 11. Bd2 Bf6 12. Re1 {[#] Threatening g4.} Ndxb4 $1 {[%mdl 512]} 13. d4 $2 (13. g4 $17 Nxd3 14. gxh5) (13. cxb4 e4) 13... Nd3 $19 14. Re3 Nf4 {[%cal Re5d4]} ({Not} 14... exd4 15. Rxd3 Ne5 16. Rxd4 $11) 15. Re1 {[#] intending Bxf4.} Nxh3+ $1 {[%mdl 512]} 16. gxh3 exd4 17. Kg2 $2 {[#]} (17. Re4) 17... Ne5 $1 {[%mdl 512]} 18. Rxe5 Bxe5 19. cxd4 Bxd4 20. Nc3 c6 (20... Qf6 $142 21. Rc1 Qg6+ 22. Kh1 Rfe8) 21. Rc1 Re8 22. Qf1 (22. Bc2 $142) 22... Bxf3+ 23. Kxf3 Qf6+ 24. Kg2 Rad8 25. Rc2 $2 (25. Nb1 {is the only way for White.}) 25... Qg6+ 26. Kh1 Qf5 27. f3 Rd6 28. Kh2 (28. Rc1 $142 Bf2 29. Qg2 Rxd2 30. Ne4) 28... Be5+ 29. Kh1 Rxd2 {[%mdl 64] Remove Defender, Deflection} 30. Rxd2 Bxc3 31. Bc2 Bxd2 (31... Qf4 $142 32. Re2 Rxe2 33. Qxe2 g6) 32. Bxf5 Re1 33. Kg2 Rxf1 34. Kxf1 {[%mdl 4096] Endgame KB-KB} Kf8 35. Ke2 Bg5 36. Kd3 Ke7 37. a4 (37. Bc8 $142) 37... a5 38. Kc4 g6 39. Bd3 (39. Bc8 {was forced.}) 39... Be3 40. Be2 Kd6 41. Kd3 Bf2 42. f4 $2 (42. Bd1) 42... Kc5 {Black is clearly winning.} 43. Kc3 b5 44. Kb3 f5 {Accuracy: White = 27%, Black = 72%.} 0-1